01024nam a2200241 a 450000100100000000500170001000800410002704000250006808200170009310000360011024501520014626000290029830000210032749000260034865000400037465100400041470000440045483000330049891000370053104900090056895201880057799900170076500003510220200930074115.0111025s1964 sp 000 0 spa d aDO-SdBNPbspacBNPHU a261.8bF655h1 aFogarty, Michael Patrick96077110aHistoria e ideología de la democracia cristiana en la Europa Occidental 1820-1953 /cMichael P. Fogarty ; traducción Ignacio Joaniquet Sirvent. aMadrid :bTecnos,c1964. a688 p. ;c24 cm.1 aCiencias socialesv37 4aDemocracia cristianazEuropa960772 4aEuropaxCondiciones Sociales96058012aJoaniquet Sirvent, Ignacio,etr.960773 0aCiencias socialesn37960774 aValidado. Control de calidad MFF aBNGR 001050718MOaGRbGRcHDd2011-10-25iLF1l0o261.8 F655hp35102-10r2020-06-25w2020-06-25y1zPerteneció a la biblioteca personal de Juan Isidro Jimenes Grullón.ZNo se presta c34593d34593